000 00393nam a22001337a 4500
005 20250514175732.0
008 250514b |||||||| |||| 00| 0 eng d
020 _a9781861523457
050 _aHF5549
_bHUM
245 _aHuman resource management;
_ba critical
_cedited by John Storey
260 _aLondon
_bInternational Thomson Business Press
_cc1995
300 _axii, 399p
942 _2lcc
_cBK
_n0
999 _c5775
_d5775